| 000 | 01094nam a22001697a 4500 | ||
|---|---|---|---|
| 999 |
_c60414 _d60414 |
||
| 003 | Ge_BSU | ||
| 005 | 20230713143821.0 | ||
| 008 | 230713s2012ge xxu||||| |||| 00| 0 geo d | ||
| 041 | _ageo | ||
| 080 | _a001(479.22) ა-40 | ||
| 245 |
_aაკადემიკოსი ავთანდილ გუნია _bდაბადებიდან მე-100წლისთავი / _cსაქართველოს მეცნიერებათა ეროვნული აკადემია; თსუ პაატა გუგუშვილის ეკონომიკის ინსტიტუტი. |
||
| 264 |
_aთბილისი, _c2012. |
||
| 300 |
_a39 გვ.: _b18 სმ. |
||
| 653 | _aგუნია, ავთანდილ (აკადემიკოსი) ქართველი მეცნიერები | ||
| 653 | _aაკადემიკოს ავთანდილ გუნიას სამეცნიერო და პედაგოგიური მოღვაწეობის შესახებ | ||
| 942 |
_2udc _cBK |
||